[Event "Milan Epiphany op"]
[Site "Milan"]
[Date "2010.01.04"]
[Round "4"]
[White "Bertazzo, Giorgio"]
[Black "Mintenko, Heorhiy"]
[Result "0-1"]
[WhiteElo "2105"]
[BlackElo "2167"]
[PlyCount "122"]
[EventDate "2010.01.02"]
[EventType "swiss"]
[EventRounds "7"]
[EventCountry "ITA"]
[SourceTitle "EXT 2024"]
[Source "ChessBase"]
[SourceDate "2023.10.10"]
[SourceVersion "1"]
[SourceVersionDate "2023.10.10"]
[SourceQuality "1"]

1. e4 c5 2. Nf3 d6 3. d4 cxd4 4. Nxd4 Nf6 5. Nc3 a6 6. Be2 e5 7. Nf3 Be7 8. 0-0 b5 9. Bg5 Nbd7 10. a4 b4 11. Nd5 Nxd5 12. Qxd5 Nb6 13. Bxe7 Nxd5 14. Bxd8 Nf4 15. Bc4 Kxd8 16. Bxf7 Bg4 17. Bc4 Bxf3 18. gxf3 a5 19. Kh1 Rf8 20. Rg1 g6 21. Rae1 Rc8 22. b3 Ke7 23. Re3 Rf6 24. Rc1 g5 25. c3 bxc3 26. Rexc3 h5 27. Bb5 Rxc3 28. Rxc3 Kd8 29. Rc6 h4 30. Ra6 h3 31. Rxa5 Ne6 32. Bc4 Nd4 33. Ra8+ Ke7 34. Rh8 Rxf3 35. Rh7+ Kd8 36. Rh8+ Kc7 37. Rh7+ Kd8 38. Kg1 Rc3 39. f3 Nxf3+ 40. Kf2 Nd2 41. a5 Nxc4 42. bxc4 Ra3 43. a6 Rxa6 44. Rxh3 Ke7 45. Rh6 Rc6 46. Kf3 Rxc4 47. Rg6 Rc3+ 48. Kg4 Rc2 49. h3 Re2 50. Kxg5 Rxe4 51. Rg7+ Ke6 52. h4 Re1 53. Rg6+ Kd5 54. Kf6 Rh1 55. Rh6 Kd4 56. Ke6 e4 57. Kxd6 e3 58. Ke7 e2 59. Re6 e1Q 60. Rxe1 Rxe1+ 61. Kf6 Rh1 0-1

[Event "Milan Crespi op-A 30th"]
[Site "Milan"]
[Date "2009.12.06"]
[Round "3"]
[White "Gagliardi, Christian"]
[Black "Bertazzo, Giorgio"]
[Result "1/2-1/2"]
[WhiteElo "2244"]
[BlackElo "2087"]
[PlyCount "47"]
[EventDate "2009.12.05"]
[EventType "swiss"]
[EventRounds "9"]
[EventCountry "ITA"]
[SourceTitle "EXT 2012"]
[Source "ChessBase"]
[SourceDate "2011.11.24"]
[SourceVersion "1"]
[SourceVersionDate "2011.11.24"]
[SourceQuality "1"]

1. e4 e5 2. Nf3 Nf6 3. d3 Nc6 4. g3 d5 5. Nbd2 Bc5 6. Bg2 0-0 7. 0-0 dxe4 8. dxe4 Be6 9. h3 h6 10. Qe2 Qd7 11. Kh2 Rfd8 12. Nb3 Bb6 13. Re1 a5 14. Be3 Bxe3 15. Qxe3 b6 16. Qc3 a4 17. Nbd2 Ra5 18. b4 axb3 19. Nxb3 Bxb3 20. axb3 Rc5 21. Qb2 Nd4 22. Nxd4 Qxd4 23. Qxd4 Rxd4 24. Re2 1/2-1/2

[Event "Ascona op"]
[Site "Ascona"]
[Date "2007.12.03"]
[Round "1"]
[White "Maze, Sebastien"]
[Black "Bertazzo, Giorgio"]
[Result "1-0"]
[WhiteElo "2576"]
[BlackElo "2126"]
[PlyCount "58"]
[EventDate "2007.12.03"]
[EventType "swiss"]
[EventRounds "9"]
[EventCountry "SUI"]
[SourceTitle "CBM 121 Extra"]
[Source "ChessBase"]
[SourceDate "2008.01.10"]
[SourceVersion "1"]
[SourceVersionDate "2008.01.10"]
[SourceQuality "1"]

1. e4 e5 2. Nf3 Nc6 3. Bb5 a6 4. Bxc6 dxc6 5. 0-0 Qd6 6. Na3 Be6 7. Qe2 f6 8. c3 c5 9. Rd1 Bg4 10. d4 cxd4 11. cxd4 exd4 12. Nc4 Qe6 13. Bf4 Bxf3 14. gxf3 b5 15. Na5 Qb6 16. Nb3 c5 17. e5 Kf7 18. a4 Re8 19. axb5 axb5 20. Ra5 fxe5 21. Rxb5 Qg6+ 22. Bg3 h5 23. h4 Qc6 24. Na5 Qd5 25. Nc4 Bd6 26. Re1 Nf6 27. Rb7+ Kf8 28. Nxd6 Qxd6 29. Ra1 Rh6 1-0

[Event "Bratto Gorgonzola op"]
[Site "Bratto"]
[Date "2005.11.13"]
[Round "3"]
[White "Giretti Kanev, Jasen"]
[Black "Bertazzo, Giorgio"]
[Result "1-0"]
[WhiteElo "2203"]
[BlackElo "2137"]
[PlyCount "109"]
[EventDate "2005.11.12"]
[EventType "swiss"]
[EventRounds "7"]
[EventCountry "ITA"]
[SourceTitle "EXT 2007"]
[Source "ChessBase"]
[SourceDate "2006.11.23"]
[SourceVersion "1"]
[SourceVersionDate "2006.11.23"]
[SourceQuality "1"]

1. Nf3 d5 2. d4 c6 3. Bf4 Bf5 4. e3 e6 5. Bd3 Bxd3 6. Qxd3 Nf6 7. Nbd2 Nbd7 8. 0-0 Be7 9. h3 0-0 10. Rae1 Re8 11. c3 Bf8 12. g4 c5 13. Bh2 Rc8 14. Kh1 Qa5 15. Qb1 Qa6 16. Rg1 b5 17. h4 b4 18. cxb4 cxb4 19. h5 Rc6 20. h6 g6 21. g5 Nh5 22. Rc1 Rec8 23. Rxc6 Qxc6 24. Nb3 Qc2 25. Kg2 Qxb1 26. Rxb1 Be7 27. Rc1 Rxc1 28. Nxc1 f6 29. gxf6 Nhxf6 30. Ng5 Nf8 31. Bf4 Ne4 32. Nxe4 dxe4 33. Ne2 Nd7 34. Ng3 g5 35. Bc7 Kf7 36. Nxe4 Kg6 37. Nd6 Bf8 38. Ne4 Bxh6 39. Bd6 Bf8 40. Bxf8 Nxf8 41. Nc5 Kf6 42. b3 h5 43. Na6 Nd7 44. Nxb4 Nb8 45. Nd3 Nc6 46. b4 a6 47. a4 Nb8 48. Nc5 Ke7 49. Kf3 Kf6 50. Kg3 Kf5 51. e4+ Kf6 52. b5 axb5 53. axb5 Ke7 54. e5 Kf7 55. f3 1-0

[Event "Milan CBA"]
[Site "Milan"]
[Date "2004.05.16"]
[Round "3"]
[White "Bertazzo, Giorgio"]
[Black "Van Hoolandt, Patrick"]
[Result "1/2-1/2"]
[WhiteElo "2141"]
[BlackElo "2237"]
[PlyCount "205"]
[EventDate "2004.05.14"]
[EventType "tourn"]
[EventRounds "11"]
[EventCountry "ITA"]
[EventCategory "1"]
[SourceTitle "CBM 100 Extra"]
[Source "ChessBase"]
[SourceDate "2004.07.06"]
[SourceVersion "2"]
[SourceVersionDate "2004.07.06"]
[SourceQuality "1"]

1. e4 e5 2. Nf3 Nc6 3. Nc3 Nf6 4. Bb5 Nd4 5. Nxd4 exd4 6. e5 dxc3 7. exf6 Qxf6 8. dxc3 Bc5 9. Qe2+ Qe6 10. Bc4 Qxe2+ 11. Bxe2 d5 12. Bd3 Be6 13. 0-0 0-0-0 14. Re1 h6 15. Bf4 d4 16. Be5 dxc3 17. Bxc3 Bd4 18. Bxd4 Rxd4 19. Re4 Rhd8 20. Rxd4 Rxd4 21. b3 Kd7 22. Kf1 Kd6 23. Ke2 Kc5 24. c3 Rh4 25. h3 a5 26. Kd2 Bd5 27. f3 b5 28. Re1 b4 29. Re8 bxc3+ 30. Kxc3 Rb4 31. Rd8 Rb6 32. Rc8 Rb7 33. Rd8 Ra7 34. Rh8 Ra8 35. Rxa8 Bxa8 36. a3 Bd5 37. b4+ axb4+ 38. axb4+ Kd6 39. Kd4 f6 40. Bg6 Bc6 41. Bd3 Bb7 42. Bc4 g5 43. Bd3 h5 44. b5 Bd5 45. Be2 h4 46. Bd3 Bb3 47. Be4 Bd1 48. Bd3 Ba4 49. Be2 Bb3 50. Bd3 Bd5 51. Be2 Bb7 52. Bd3 Bc8 53. Bc4 Bd7 54. Be2 Ke6 55. Ke4 Bc8 56. Bc4+ Kd6 57. Kd4 Bb7 58. Be2 Ke6 59. Bd3 f5 60. Be2 Kd6 61. Bd3 Bc8 62. Be2 Be6 63. Bc4 Bd7 64. Be2 Ke6 65. Bc4+ Kf6 66. Be2 Ke6 67. Bc4+ Kd6 68. Be2 Be6 69. Bc4 Bd7 70. Be2 Bc8 71. Bd1 Bb7 72. Be2 Bd5 73. Bd3 Be6 74. Bc4 Bd7 75. Be2 Bc8 76. Bd3 g4 77. fxg4 fxg4 78. hxg4 Bxg4 79. Ke3 Ke5 80. Be4 Be6 81. Kf3 Bb3 82. Bc6 Bd1+ 83. Ke3 Bg4 84. Be8 Bf5 85. Kf3 Be4+ 86. Kg4 Kd4 87. Kxh4 Bxg2 88. Kg3 Bd5 89. Kf2 Kc5 90. Ke1 Bc4 91. Kd2 Bxb5 92. Bg6 Kb4 93. Kc1 Kc3 94. Be4 c5 95. Bg6 Bc4 96. Bf5 Bd3 97. Be6 Be4 98. Bf7 Kd4 99. Be6 Bd5 100. Bg4 c4 101. Be2 c3 102. Bb5 Bc4 103. Bd7 1/2-1/2

[Event "Milan CBA"]
[Site "Milan"]
[Date "2004.05.14"]
[Round "1"]
[White "Lanzani, Mario"]
[Black "Bertazzo, Giorgio"]
[Result "1-0"]
[WhiteElo "2360"]
[BlackElo "2141"]
[PlyCount "80"]
[EventDate "2004.05.14"]
[EventType "tourn"]
[EventRounds "11"]
[EventCountry "ITA"]
[EventCategory "1"]
[SourceTitle "CBM 100 Extra"]
[Source "ChessBase"]
[SourceDate "2004.07.06"]
[SourceVersion "2"]
[SourceVersionDate "2004.07.06"]
[SourceQuality "1"]

1. Nf3 Nf6 2. g3 b5 3. Bg2 Bb7 4. d3 e6 5. e4 d6 6. 0-0 Be7 7. a4 a6 8. c3 c5 9. Qb3 Qb6 10. axb5 axb5 11. Rxa8 Bxa8 12. Na3 Bc6 13. e5 Nd5 14. d4 Nd7 15. Qc2 dxe5 16. dxe5 Qb7 17. Qe2 h6 18. Nc2 0-0 19. h4 Ra8 20. Nfe1 Ra2 21. f4 Ra8 22. f5 exf5 23. Rxf5 Nc7 24. Bxh6 Bxg2 25. Qg4 Ne6 26. Nxg2 Ra4 27. b4 cxb4 28. cxb4 Qa7+ 29. Be3 Qb7 30. h5 Ra2 31. Nce1 Qd5 32. h6 g6 33. h7+ Kxh7 34. Rxf7+ Ng7 35. Rxe7 Nxe5 36. Qh4+ Kg8 37. Qf6 Rxg2+ 38. Nxg2 Qd1+ 39. Qf1 Nf3+ 40. Kf2 Qc2+ 1-0

[Event "SUI-chT"]
[Site "Switzerland"]
[Date "2004.03.21"]
[Round "2.8"]
[White "Bertazzo, Giorgio"]
[Black "Plesec, Damjan"]
[Result "0-1"]
[WhiteElo "2076"]
[BlackElo "2308"]
[PlyCount "78"]
[EventDate "2004.02.29"]
[EventType "team-tourn"]
[EventRounds "9"]
[EventCountry "SUI"]
[SourceTitle "CBM 099 Extra"]
[Source "ChessBase"]
[SourceDate "2004.05.04"]
[SourceVersion "1"]
[SourceVersionDate "2004.05.04"]
[SourceQuality "1"]
[WhiteTeam "Mendrisio"]
[BlackTeam "Bern"]
[WhiteTeamCountry "SUI"]
[BlackTeamCountry "SUI"]

1. e4 e6 2. Nf3 d5 3. Nc3 Nf6 4. e5 Ne4 5. d3 Nxc3 6. bxc3 c5 7. d4 cxd4 8. cxd4 Qa5+ 9. Bd2 Bb4 10. a3 Bc3 11. Ra2 b6 12. Bxc3 Qxc3+ 13. Qd2 Qxd2+ 14. Nxd2 Nc6 15. Bb5 Bd7 16. Bxc6 Bxc6 17. Nf3 Ba4 18. Kd2 Ke7 19. c3 Rac8 20. h4 Rc4 21. Rb2 Rhc8 22. Rc1 Be8 23. Rb4 f6 24. Rxc4 Rxc4 25. g4 Ra4 26. Ra1 Bg6 27. g5 fxg5 28. Nxg5 Ra5 29. Nf3 Rb5 30. Ra2 Bb1 31. Ra1 Rb2+ 32. Ke3 h6 33. Ne1 Bf5 34. a4 Kd7 35. a5 b5 36. Nf3 Rb3 37. Kd2 b4 38. cxb4 Rxf3 39. b5 Rd3+ 0-1

[Event "Milan Vedior Trophy"]
[Site "Milan"]
[Date "2003.04.29"]
[Round "4"]
[White "Sbarra, Marco"]
[Black "Bertazzo, Giorgio"]
[Result "1/2-1/2"]
[WhiteElo "2217"]
[BlackElo "2120"]
[PlyCount "107"]
[EventDate "2003.04.26"]
[EventType "tourn"]
[EventRounds "9"]
[EventCountry "ITA"]
[EventCategory "2"]
[SourceTitle "EXT 2004"]
[Source "ChessBase"]
[SourceDate "2003.11.25"]
[SourceVersion "1"]
[SourceVersionDate "2003.11.25"]
[SourceQuality "1"]

1. e4 c5 2. Nf3 d6 3. Bb5+ Nc6 4. 0-0 Nf6 5. Re1 Bg4 6. h3 Bd7 7. c3 Ne5 8. Bf1 e6 9. d4 Nxf3+ 10. Qxf3 cxd4 11. cxd4 Be7 12. Nc3 0-0 13. e5 Bc6 14. Qg3 Nh5 15. Qg4 g6 16. Bh6 Re8 17. Rad1 dxe5 18. dxe5 Qb6 19. Qe2 Ng3 20. Qc2 Nxf1 21. Rxf1 Rac8 22. Qe2 Red8 23. Bc1 Rxd1 24. Rxd1 Rd8 25. Rxd8+ Qxd8 26. Be3 Qa5 27. Bd4 a6 28. a3 Bg5 29. f3 Qd8 30. Qf2 Bf4 31. Ne2 Qg5 32. Nxf4 Qxf4 33. Bc3 Qc1+ 34. Qf1 Qxf1+ 35. Kxf1 Kf8 36. Bb4+ Ke8 37. Kf2 Bb5 38. g4 Kd7 39. Ke3 g5 40. Kf2 Kc6 41. Kg3 Kd5 42. Bc3 Be2 43. f4 gxf4+ 44. Kxf4 Kc6 45. Kg5 Kd7 46. Kh6 Bd3 47. Kg7 Ke8 48. h4 Be4 49. h5 Bd3 50. g5 Be4 51. Kf6 Bf3 52. g6 fxg6 53. h6 g5 54. Kxg5 1/2-1/2

[Event "Bratto op 22nd"]
[Site "Bratto"]
[Date "2002.08.27"]
[Round "8"]
[White "Del Giudice, Stefano"]
[Black "Bertazzo, Giorgio"]
[Result "1/2-1/2"]
[WhiteElo "2073"]
[BlackElo "2158"]
[PlyCount "43"]
[EventDate "2002.08.20"]
[EventType "swiss"]
[EventRounds "9"]
[EventCountry "ITA"]
[SourceTitle "EXT 2003"]
[Source "ChessBase"]
[SourceDate "2002.11.25"]
[SourceVersion "1"]
[SourceVersionDate "2002.11.25"]
[SourceQuality "1"]

1. e4 c5 2. Nc3 Nc6 3. g3 d6 4. Bg2 g6 5. d3 Bg7 6. Be3 e5 7. Qd2 Be6 8. Nge2 Nd4 9. 0-0 Qd7 10. f4 Ne7 11. Nd1 0-0 12. c3 Nxe2+ 13. Qxe2 Rac8 14. Qd2 d5 15. fxe5 d4 16. Bf4 Nc6 17. c4 Nxe5 18. Nf2 b5 19. b3 Rb8 20. Rac1 bxc4 21. dxc4 Rbc8 22. Nd3 1/2-1/2

[Event "Bratto op 22nd"]
[Site "Bratto"]
[Date "2002.08.26"]
[Round "7"]
[White "Astengo, Marcello"]
[Black "Bertazzo, Giorgio"]
[Result "1/2-1/2"]
[WhiteElo "2124"]
[BlackElo "2158"]
[PlyCount "76"]
[EventDate "2002.08.20"]
[EventType "swiss"]
[EventRounds "9"]
[EventCountry "ITA"]
[SourceTitle "EXT 2003"]
[Source "ChessBase"]
[SourceDate "2002.11.25"]
[SourceVersion "1"]
[SourceVersionDate "2002.11.25"]
[SourceQuality "1"]

1. d4 Nf6 2. c4 g6 3. d5 c6 4. Nc3 cxd5 5. cxd5 Qa5 6. g3 Bg7 7. Bg2 0-0 8. Nh3 d6 9. 0-0 Nbd7 10. Nf4 Ne5 11. Be3 Bd7 12. Bd4 Rfc8 13. Rc1 Rab8 14. Nd3 Nxd3 15. Qxd3 b5 16. a3 Qc7 17. Na2 Qb7 18. Nb4 Ne8 19. Bxg7 Kxg7 20. Qd4+ Kg8 21. Qe3 a5 22. Nc2 Rc4 23. Nd4 Rbc8 24. Rxc4 bxc4 25. Qxe7 c3 26. bxc3 Rxc3 27. Ne6 fxe6 28. dxe6 Bc6 29. Qxe8+ Bxe8 30. Bxb7 Rxa3 31. Bd5 Rc3 32. Rb1 Rc5 33. e4 Rb5 34. Rc1 Rc5 35. Rb1 Rb5 36. Rc1 Rc5 37. Rb1 Rb5 38. Rc1 Rc5 1/2-1/2

[Event "Milan Vedior Trophy"]
[Site "Milan"]
[Date "2002.05.21"]
[Round "6"]
[White "Van Hoolandt, Patrick"]
[Black "Bertazzo, Giorgio"]
[Result "1/2-1/2"]
[WhiteElo "2157"]
[BlackElo "2139"]
[PlyCount "113"]
[EventDate "2002.05.16"]
[EventType "tourn"]
[EventRounds "11"]
[EventCountry "ITA"]
[EventCategory "1"]
[SourceTitle "CBM 088 Extra"]
[Source "ChessBase"]
[SourceDate "2002.07.01"]
[SourceVersion "2"]
[SourceVersionDate "2002.07.01"]
[SourceQuality "1"]

1. c4 e5 2. g3 Nf6 3. Bg2 d5 4. cxd5 Nxd5 5. Nc3 Nb6 6. Nf3 Nc6 7. 0-0 Be7 8. a3 Be6 9. d3 0-0 10. b4 Nd4 11. Nxd4 exd4 12. Ne4 Bd5 13. Qc2 f5 14. Nd2 Bxg2 15. Kxg2 Qd5+ 16. Nf3 c6 17. Qa2 Rad8 18. Bf4 Qxa2 19. Rxa2 Rd5 20. Rc1 Na4 21. Rc4 Bf6 22. Rac2 Rfd8 23. h4 R8d7 24. Ng5 Nb6 25. Rc5 Na4 26. Rxd5 Rxd5 27. Bd2 Be7 28. Ne6 Kf7 29. Nf4 Rd7 30. e3 Bf6 31. Kf3 g6 32. Ke2 h6 33. Nh3 Kg7 34. Ng1 Kh7 35. Nf3 dxe3 36. fxe3 Kg7 37. d4 Re7 38. Kd3 Re8 39. Be1 Rd8 40. b5 cxb5 41. Rc7+ Kg8 42. Bb4 Nb2+ 43. Ke2 Nc4 44. Rxb7 Re8 45. Rxb5 Nxe3 46. Kd3 Nf1 47. Bd2 Nxg3 48. Bxh6 Re7 49. Rb8+ Kh7 50. Bf8 Rd7 51. Ng5+ Bxg5 52. hxg5 Ne4 53. Bh6 Nf2+ 54. Kc4 Ng4 55. Bf8 f4 56. d5 Ne3+ 57. Kd4 1/2-1/2

[Event "Corsico op 24th"]
[Site "Corsico"]
[Date "2002.04.??"]
[Round "2"]
[White "Bertazzo, Giorgio"]
[Black "Radice, Luca"]
[Result "1/2-1/2"]
[WhiteElo "2139"]
[BlackElo "2054"]
[PlyCount "47"]
[EventDate "2002.04.25"]
[EventType "swiss"]
[EventRounds "6"]
[EventCountry "ITA"]
[SourceTitle "EXT 2007"]
[Source "ChessBase"]
[SourceDate "2006.11.23"]
[SourceVersion "1"]
[SourceVersionDate "2006.11.23"]
[SourceQuality "1"]

1. e4 e6 2. d4 d5 3. Nc3 dxe4 4. Nxe4 Bd7 5. Nf3 Bc6 6. Bd3 Nd7 7. 0-0 Ngf6 8. Qe2 Bxe4 9. Bxe4 Nxe4 10. Qxe4 c6 11. c4 Be7 12. Bd2 0-0 13. Bc3 Bf6 14. Qe3 Re8 15. Rad1 Qc7 16. Ne5 Rad8 17. f4 Be7 18. Qg3 f6 19. Nxd7 Qxd7 20. Qf3 Bd6 21. Rfe1 Qc7 22. g3 Qf7 23. Kg2 Rd7 24. b3 1/2-1/2

[Event "Milan Crespi op 21st"]
[Site "Milan"]
[Date "2000.12.05"]
[Round "4"]
[White "Barlocco, Carlo"]
[Black "Bertazzo, Giorgio"]
[Result "0-1"]
[WhiteElo "2179"]
[BlackElo "2067"]
[PlyCount "96"]
[EventDate "2000.12.04"]
[EventType "swiss"]
[EventRounds "5"]
[EventCountry "ITA"]
[SourceTitle "CBM 079 Extra"]
[Source "ChessBase"]
[SourceDate "2001.01.11"]
[SourceVersion "2"]
[SourceVersionDate "2001.01.25"]
[SourceQuality "1"]

1. d4 Nf6 2. c4 c5 3. d5 b5 4. cxb5 a6 5. Nc3 axb5 6. e4 b4 7. Nb5 d6 8. Bc4 g6 9. Bf4 Bg7 10. Qe2 0-0 11. h3 Nbd7 12. Rd1 Nb6 13. b3 Nxc4 14. bxc4 Qa5 15. Nf3 Qxa2 16. Qxa2 Rxa2 17. e5 dxe5 18. Bxe5 Ne4 19. Bxg7 Kxg7 20. 0-0 Nd6 21. Rfe1 Nxb5 22. cxb5 Ra5 23. b6 Rb5 24. Rxe7 Rxb6 25. Rc7 Bf5 26. Rxc5 b3 27. Nd2 b2 28. g4 b1Q 29. Nxb1 Rxb1 30. Rxb1 Bxb1 31. f3 Rd8 32. Ra5 Bc2 33. Rb5 Bd3 34. Rc5 Ba6 35. Kf2 Bb7 36. Rb5 Bxd5 37. Kg3 Ba8 38. Rb3 Rd7 39. Ra3 Bc6 40. h4 h6 41. Rc3 Rd6 42. Ra3 Rd1 43. Rc3 Bd5 44. Ra3 Kf6 45. Re3 g5 46. hxg5+ hxg5 47. Kg2 Rd4 48. Kg3 Rf4 0-1

[Event "Milan Crespi op 21st"]
[Site "Milan"]
[Date "2000.12.04"]
[Round "3"]
[White "Bertazzo, Giorgio"]
[Black "Laketic, Gojko"]
[Result "0-1"]
[WhiteElo "2067"]
[BlackElo "2483"]
[PlyCount "116"]
[EventDate "2000.12.04"]
[EventType "swiss"]
[EventRounds "5"]
[EventCountry "ITA"]
[SourceTitle "CBM 079 Extra"]
[Source "ChessBase"]
[SourceDate "2001.01.11"]
[SourceVersion "2"]
[SourceVersionDate "2001.01.25"]
[SourceQuality "1"]

1. e4 Nf6 2. Nc3 d6 3. d4 e5 4. Nf3 Nbd7 5. Bc4 Be7 6. 0-0 0-0 7. dxe5 dxe5 8. Qe2 c6 9. a4 Qc7 10. a5 Bb4 11. Ng5 b5 12. axb6 Nxb6 13. Ba6 h6 14. Bxc8 Qxc8 15. Nf3 Bxc3 16. bxc3 Qe6 17. Ra5 Nfd7 18. Ba3 Nc4 19. Bxf8 Nxa5 20. Bb4 Nc4 21. Nd2 Nxd2 22. Qxd2 Nb6 23. Qe3 Nc4 24. Qd3 a5 25. Bc5 a4 26. Ra1 a3 27. h3 a2 28. Kh2 Kh7 29. g3 Ra5 30. Bb4 Ra7 31. Qf3 Kg8 32. Qf5 Qxf5 33. exf5 e4 34. Kg2 Ra8 35. g4 g6 36. Kg3 g5 37. Kg2 Kg7 38. Bc5 Kf6 39. Bd4+ Ke7 40. Bc5+ Kd7 41. Kf1 Ra5 42. Bb4 Ra8 43. Bc5 f6 44. Ke2 Ke8 45. Bb4 Kf7 46. Bc5 Ra4 47. Bd4 Ra5 48. Ke1 c5 49. Be3 Ke7 50. Ke2 Kd6 51. Rd1+ Kc6 52. Ra1 Kb5 53. Bc1 Ra8 54. Ke1 Kc6 55. Ke2 Kd5 56. Be3 Nxe3 57. Kxe3 Kc4 58. Kd2 Ra7 0-1

[Event "Milan Crespi op 21st"]
[Site "Milan"]
[Date "2000.12.04"]
[Round "2"]
[White "Qendro, Llambi"]
[Black "Bertazzo, Giorgio"]
[Result "1/2-1/2"]
[WhiteElo "2357"]
[BlackElo "2067"]
[PlyCount "35"]
[EventDate "2000.12.04"]
[EventType "swiss"]
[EventRounds "5"]
[EventCountry "ITA"]
[SourceTitle "CBM 079 Extra"]
[Source "ChessBase"]
[SourceDate "2001.01.11"]
[SourceVersion "2"]
[SourceVersionDate "2001.01.25"]
[SourceQuality "1"]

1. d4 d5 2. c4 c6 3. cxd5 cxd5 4. Nf3 Nf6 5. Nc3 Nc6 6. Bf4 a6 7. e3 e6 8. Bd3 Be7 9. 0-0 0-0 10. Rc1 Bd7 11. Ne5 Be8 12. Qe2 Nxe5 13. dxe5 Nd7 14. Bb1 f6 15. exf6 Nxf6 16. Be5 Bd6 17. Bxd6 Qxd6 18. Rfd1 1/2-1/2

[Event "Milan Crespi op 21st"]
[Site "Milan"]
[Date "2000.12.03"]
[Round "1"]
[White "Bertazzo, Giorgio"]
[Black "Colombo, Alberto E"]
[Result "1-0"]
[WhiteElo "2067"]
[BlackElo "2165"]
[PlyCount "47"]
[EventDate "2000.12.04"]
[EventType "swiss"]
[EventRounds "5"]
[EventCountry "ITA"]
[SourceTitle "CBM 079 Extra"]
[Source "ChessBase"]
[SourceDate "2001.01.11"]
[SourceVersion "2"]
[SourceVersionDate "2001.01.25"]
[SourceQuality "1"]

1. e4 e6 2. d4 d5 3. Nc3 Nf6 4. Bg5 Be7 5. e5 Nfd7 6. Bxe7 Qxe7 7. f4 c5 8. Nf3 Nc6 9. Qd2 a6 10. 0-0-0 b5 11. dxc5 Qxc5 12. Bd3 Nb6 13. Rhe1 Bd7 14. g4 Na5 15. Nxd5 Nxd5 16. Qxa5 Nxf4 17. Be4 Ra7 18. Rd6 Ng2 19. Red1 Ne3 20. Rc6 Qe7 21. Qb6 Nxd1 22. Qxa7 0-0 23. Rd6 Rd8 24. Rxd1 1-0